Vzdelávacia hodnota informačno-komunikačných technológií
Informačno-komunikačné technológie (IKT) ako neoddeliteľná súčasť života okem iných oblastí, tiež vo vzdelávaní. Význam IKT a ich prínos do výchovno-vzdelávacieho procesu. Príprava žiakov v školách na využívanie IKT v budúcnosti.
Uložené v:
| Hlavný autor: | |
|---|---|
| Médium: | Kapitola |
| Jazyk: | Slovak |
| Predmet: | |
| Tagy: |
Žiadne tagy, Buďte prvý, kto otaguje tento záznam!
|
MARC
| LEADER | 00000naa$a2200000$$$4500 | ||
|---|---|---|---|
| 001 | 0041821 | ||
| 005 | 20231010124009.7 | ||
| 041 | 0 | |a slo | |
| 044 | |a SK | ||
| 245 | 1 | 0 | |a Vzdelávacia hodnota informačno-komunikačných technológií |c Jana Fančovičová |
| 520 | |a Informačno-komunikačné technológie (IKT) ako neoddeliteľná súčasť života okem iných oblastí, tiež vo vzdelávaní. Význam IKT a ich prínos do výchovno-vzdelávacieho procesu. Príprava žiakov v školách na využívanie IKT v budúcnosti. | ||
| 610 | 2 | 0 | |a technológie informačné |
| 610 | 2 | 0 | |a technológie komunikačné |
| 610 | 2 | 0 | |a sústava výchovno-vzdelávacia |
| 610 | 2 | 0 | |a školy |
| 610 | 2 | 0 | |a príprava informačná |
| 610 | 2 | 0 | |a využitie počítačov |
| 610 | 2 | 0 | |a vyučovanie |
| 100 | 1 | |a Fančovičová, Jana | |